000 00673nam a2200205 4500
003 OSt
005 20221111183049.0
008 221111b |||||||| |||| 00| 0 eng d
040 _cBiblioteca Lado V
082 _a708
_bG923b
100 _9402
_aGoodman, Michael
_eeditor
245 _aBetween two cities/
_bWillremain anonymous/
260 _aU.S.A.
_c2000
_bArt in General, Inc.
300 _a136p.
_c17x23cm
650 _2Tesauro de Arte & Arquitectura
_aCOLECCION
650 _2Tesauro de Arte & Arquitectura
_aARTE
650 _2Tesauro de Arte & Arquitectura
_aFOTOGRAFIA
700 _aHoffmann, Jens
_eeditor
942 _2ddc
_c1
_h708
_iG923b
_n0
999 _c2611
_d2611